[Event "Team senior chess final"]
[Site "?"]
[Date "2015.05.01"]
[Round "1.1"]
[White "Dragomarezkij, Evgeni"]
[Black "Sabaev, Evgueni"]
[Result "1/2-1/2"]
[WhiteElo "2393"]
[BlackElo "2127"]
[PlyCount "82"]
[EventDate "2015.05.01"]

1. d4 e6 2. c4 f5 3. g3 Nf6 4. Bg2 d5 5. Nf3 c6 6. O-O Bd6 7. b3 Qe7 8. Bf4
Bxf4 9. gxf4 O-O 10. Nbd2 Ne4 11. e3 Nxd2 12. Qxd2 Bd7 13. Kh1 Be8 14. Rg1 Nd7
15. cxd5 exd5 16. Ne5 Nxe5 17. fxe5 f4 18. Qe2 Bg6 19. e4 f3 20. Bxf3 Rxf3 21.
Rxg6 Raf8 22. Rg2 dxe4 23. Rag1 R3f4 24. Qe3 Kh8 25. a4 Qh4 26. Qg3 g6 27. Re1
Qe7 28. Kg1 Kg7 29. Qc3 Qe6 30. Qc4 Qf5 31. Qe2 Qf7 32. Qc4 Qf5 33. Qe2 a5 34.
Qd2 Rd8 35. Qxa5 Rxd4 36. Qa7 Rd7 37. Qc5 Rd5 38. Qb6 Qd7 39. Qe3 Qf5 40. Qb6
Rd7 41. Qc5 Rd5 1/2-1/2

[Event "Team senior chess final"]
[Site "?"]
[Date "2015.05.01"]
[Round "1.1"]
[White "Safiullin, Rafael"]
[Black "Kremenietsky, Anatoly M"]
[Result "1/2-1/2"]
[WhiteElo "2009"]
[BlackElo "2333"]
[PlyCount "83"]
[EventDate "2015.05.01"]

1. e4 c5 2. Nf3 Nc6 3. d4 cxd4 4. Nxd4 Nf6 5. Nc3 d6 6. Bc4 e6 7. Bb3 Be7 8. f4
O-O 9. Be3 e5 10. Nf5 Bxf5 11. exf5 exf4 12. Bxf4 d5 13. Nxd5 Nxd5 14. Qxd5
Bb4+ 15. c3 Qe7+ 16. Kf2 Rad8 17. Qf3 Bc5+ 18. Kg3 Ne5 19. Bxe5 Qxe5+ 20. Kh3
Rd2 21. Rad1 Rf2 22. Qg4 h5 23. Qg6 Rxb2 24. f6 Qxf6 25. Qxf6 gxf6 26. Rd5 b6
27. Rxh5 Re8 28. Rf1 Re3+ 29. Rf3 Rxf3+ 30. gxf3 Rd2 31. Rd5 Rxd5 32. Bxd5 Bd6
33. Kg2 Be5 34. c4 Kg7 35. h4 Kg6 36. Kh3 f5 37. a4 a5 38. h5+ Kxh5 39. Bxf7+
Kg5 40. Bd5 Kf4 41. Kg2 Ke3 42. Bc6 1/2-1/2

[Event "Team senior chess final"]
[Site "?"]
[Date "2015.05.01"]
[Round "1.1"]
[White "Kachar, Vladimir"]
[Black "Tukhvatullin, Gusman"]
[Result "1-0"]
[WhiteElo "2231"]
[BlackElo "2047"]
[PlyCount "37"]
[EventDate "2015.05.01"]

1. d4 Nf6 2. c4 g6 3. Nc3 Bg7 4. e4 O-O 5. Be2 d6 6. Bg5 h6 7. Be3 e5 8. d5
Nbd7 9. Qd2 Kh7 10. f3 Nh5 11. g3 a5 12. Bd3 a4 13. Nge2 b6 14. g4 Nf4 15. Nxf4
exf4 16. Bxf4 a3 17. b3 g5 18. Be3 Qf6 19. e5+ 1-0

[Event "Team senior chess final"]
[Site "?"]
[Date "2015.05.01"]
[Round "1.2"]
[White "Faibisovich, Vadim Z"]
[Black "Kaliberda, Vladimir"]
[Result "1-0"]
[WhiteElo "2342"]
[BlackElo "2280"]
[PlyCount "33"]
[EventDate "2015.05.01"]

1. e4 c5 2. Nf3 e6 3. d4 cxd4 4. Nxd4 Nc6 5. Nc3 Qc7 6. g3 a6 7. Bg2 d6 8. O-O
Bd7 9. b3 Be7 10. Bb2 Nxd4 11. Qxd4 Bf6 12. Qe3 Rc8 13. Nd1 b5 14. Rc1 Bxb2 15.
Nxb2 Qc3 16. Nc4 Qxe3 17. Nxd6+ 1-0

[Event "Team senior chess final"]
[Site "?"]
[Date "2015.05.01"]
[Round "1.2"]
[White "Fokin, Sergey"]
[Black "Monin, Nikolay"]
[Result "1/2-1/2"]
[WhiteElo "2163"]
[BlackElo "2212"]
[PlyCount "80"]
[EventDate "2015.05.01"]

1. d4 d6 2. Nf3 g6 3. g3 Bg7 4. Bg2 Nf6 5. O-O O-O 6. c4 Nbd7 7. Nc3 e5 8. e4
c6 9. h3 Qb6 10. dxe5 dxe5 11. a3 Nh5 12. Be3 Qc7 13. Nh4 Rd8 14. Qc2 Nf8 15.
Rad1 Ne6 16. Rxd8+ Qxd8 17. Rd1 Qe7 18. Nf3 Bd7 19. b4 Be8 20. c5 Rd8 21. Bf1
Bf6 22. Nb1 Nhg7 23. Rxd8 Qxd8 24. Nbd2 Ng5 25. Bxg5 Bxg5 26. Nc4 Bf6 27. Ncxe5
Ne6 28. Nc4 b5 29. Nd6 Bd7 30. e5 Bg7 31. Kh2 Qe7 32. a4 a6 33. axb5 axb5 34.
Bg2 Nc7 35. Nd4 Bxe5 36. Nxc6 Bxc6 37. Bxc6 Bxd6 38. cxd6 Qxd6 39. Qc3 Na6 40.
Bxb5 Nxb4 1/2-1/2

[Event "Team senior chess final"]
[Site "?"]
[Date "2015.05.01"]
[Round "1.2"]
[White "Karasev, Vladimir I"]
[Black "Umushkin, Aleksey"]
[Result "1/2-1/2"]
[WhiteElo "2330"]
[BlackElo "2118"]
[PlyCount "130"]
[EventDate "2015.05.01"]

1. c4 e5 2. Nc3 Nf6 3. g3 d5 4. cxd5 Nxd5 5. Bg2 Nb6 6. Nf3 Nc6 7. O-O Be7 8.
d3 O-O 9. a3 a5 10. Be3 Be6 11. Rc1 Nd5 12. Bd2 Nxc3 13. Bxc3 f6 14. Nd2 Bd5
15. Bxd5+ Qxd5 16. Qb3 Qxb3 17. Nxb3 Rfd8 18. Kg2 a4 19. Nd2 b5 20. f4 exf4 21.
gxf4 Rd7 22. Nf3 Rb8 23. Bd2 Nd8 24. Be3 b4 25. Rc4 bxa3 26. bxa3 Bxa3 27. Rxa4
Bd6 28. Rfa1 Re7 29. Kf2 Kf7 30. Ra8 Rxa8 31. Rxa8 Ne6 32. Ra4 g6 33. h4 Re8
34. Rc4 Rb8 35. Nd2 Rb5 36. Ne4 Rh5 37. Nxd6+ cxd6 38. Kg3 Ng7 39. Rc7+ Kf8 40.
Bf2 Nf5+ 41. Kg4 Ne7 42. Rd7 Rd5 43. Kf3 Ke8 44. Ra7 h5 45. Be1 Rb5 46. Bc3 Kf7
47. Be1 Ke6 48. Bf2 f5 49. Be1 Rb3 50. Rc7 Rb1 51. Bf2 Rb3 52. Ra7 Rc3 53. Rb7
Rc6 54. Bb6 Rc8 55. Bd4 Rc1 56. Bg7 Rf1+ 57. Kg3 Nd5 58. Bh6 Ne3 59. Bg5 Ng4
60. e4 fxe4 61. dxe4 Nf6 62. Bxf6 Kxf6 63. Rb6 Ke7 64. Rb7+ Ke6 65. Rb6 Ke7
1/2-1/2

[Event "Team senior chess final"]
[Site "?"]
[Date "2015.05.01"]
[Round "1.2"]
[White "Savchuk, Vladimir"]
[Black "Mishuchkov, Nikolai M"]
[Result "0-1"]
[WhiteElo "2069"]
[BlackElo "2324"]
[PlyCount "120"]
[EventDate "2015.05.01"]

1. d4 d6 2. Nf3 Nf6 3. c4 g6 4. Nc3 Bg4 5. e4 Bxf3 6. Qxf3 Nfd7 7. Be3 Bg7 8.
Rd1 Nc6 9. Qe2 e5 10. d5 Nd4 11. Bxd4 exd4 12. Nb5 d3 13. Rxd3 Nc5 14. Re3 a6
15. Nc3 Bd4 16. Rf3 O-O 17. Qc2 Bxc3+ 18. Rxc3 Nxe4 19. Re3 Nf6 20. Be2 Re8 21.
Rxe8+ Qxe8 22. O-O Qe5 23. Bf3 b6 24. g3 a5 25. h4 Re8 26. Kg2 h5 27. b3 Ng4
28. Rd1 Qf6 29. Rd2 Kg7 30. Qb2 Re1 31. Qc2 Qa1 32. Rd1 Rxd1 33. Bxd1 Ne5 34.
f4 Nd7 35. g4 hxg4 36. Bxg4 Nf6 37. Bf3 Qd4 38. Qc1 Kf8 39. Kg3 Ng8 40. h5 gxh5
41. Bxh5 Qg7+ 42. Kf2 Qh6 43. Bf3 Qh2+ 44. Bg2 Nf6 45. Kf3 Nh5 46. Kg4 Nxf4 47.
Qxf4 Qxg2+ 48. Kh4 Qxa2 49. Qh6+ Ke8 50. Qe3+ Kd7 51. Qf4 Qe2 52. Qf5+ Kd8 53.
Qxf7 Qe7+ 54. Qxe7+ Kxe7 55. Kg5 Kd7 56. Kf5 c6 57. Ke4 b5 58. Kd3 Kc7 59. Kd4
Kb6 60. Kc3 cxd5 0-1

[Event "Team senior chess final"]
[Site "?"]
[Date "2015.05.02"]
[Round "2.1"]
[White "Balashov, Yuri S"]
[Black "Faibisovich, Vadim Z"]
[Result "1/2-1/2"]
[WhiteElo "2437"]
[BlackElo "2342"]
[PlyCount "141"]
[EventDate "2015.05.01"]

1. e4 e5 2. Nf3 Nc6 3. Bb5 Nf6 4. d3 d6 5. c3 Be7 6. Nbd2 O-O 7. Nf1 Nd7 8. Ng3
a6 9. Ba4 Nc5 10. Bxc6 bxc6 11. d4 Nd7 12. O-O c5 13. Be3 Rb8 14. Qc2 cxd4 15.
cxd4 exd4 16. Bxd4 Bf6 17. Rad1 Bxd4 18. Nxd4 Bb7 19. Rfe1 Re8 20. b3 Nc5 21.
e5 Ne6 22. Nc6 Bxc6 23. Qxc6 Rb6 24. Qc4 Qb8 25. exd6 Rxd6 26. Rxd6 cxd6 27.
Qxa6 d5 28. Qd3 Qb4 29. Rf1 Nf4 30. Qf3 g6 31. h3 Qd2 32. Kh2 Ne2 33. Nxe2 Rxe2
34. a4 d4 35. a5 Re6 36. Rd1 Qxa5 37. Rxd4 Qb6 38. Qd5 Kg7 39. b4 Qc7+ 40. g3
Rf6 41. Kg2 Qc3 42. Rc4 Qb3 43. Qd4 g5 44. Rc5 Qf3+ 45. Kg1 Kg6 46. Rc3 Qe2 47.
Qd3+ Qxd3 48. Rxd3 Rb6 49. Rd4 Kf6 50. f4 h6 51. Kf2 Ke6 52. Ke3 Rb5 53. Kd3
Rb8 54. Kc3 f5 55. Kb3 gxf4 56. gxf4 Rg8 57. Rc4 Kd5 58. b5 Rg1 59. Rc6 Ke4 60.
b6 Rb1+ 61. Ka4 Kxf4 62. Rxh6 Kg3 63. Ka5 f4 64. Rf6 f3 65. h4 f2 66. h5 f1=Q
67. Rxf1 Rxf1 68. b7 Rf8 69. Kb6 Kg4 70. h6 Kg5 71. h7 1/2-1/2

[Event "Team senior chess final"]
[Site "?"]
[Date "2015.05.02"]
[Round "2.1"]
[White "Karasev, Vladimir I"]
[Black "Dragomarezkij, Evgeni"]
[Result "1/2-1/2"]
[WhiteElo "2330"]
[BlackElo "2393"]
[PlyCount "90"]
[EventDate "2015.05.01"]

1. d4 d5 2. Nf3 Nf6 3. c4 dxc4 4. e3 e6 5. Bxc4 c5 6. O-O cxd4 7. exd4 Be7 8.
Nc3 O-O 9. Qe2 Nc6 10. Rd1 Nb4 11. Bg5 Nfd5 12. Bxe7 Nxe7 13. Ne5 a6 14. Qe4
Rb8 15. a3 Nbd5 16. Bxd5 exd5 17. Qf4 Bf5 18. Re1 f6 19. Ng4 Bxg4 20. Qxg4 Re8
21. Qe6+ Kf8 22. Qh3 Kg8 23. Qe6+ Kf8 24. Re3 Qc8 25. Qd6 Qc6 26. Qb4 Kf7 27.
Rae1 Nf5 28. Rxe8 Rxe8 29. Rxe8 Kxe8 30. Kf1 Qc4+ 31. Ke1 Qxb4 32. axb4 Nxd4
33. Nxd5 Kd7 34. Kd2 Kc6 35. Nf4 Kd6 36. Kd3 Nc6 37. Nh5 Nxb4+ 38. Kc4 Nc6 39.
Nxg7 b5+ 40. Kc3 a5 41. Ne8+ Ke5 42. f4+ Kxf4 43. Nxf6 h6 44. Nd5+ Ke5 45. Ne3
Kf4 1/2-1/2

[Event "Team senior chess final"]
[Site "?"]
[Date "2015.05.02"]
[Round "2.1"]
[White "Kremenietsky, Anatoly M"]
[Black "Mishuchkov, Nikolai M"]
[Result "1/2-1/2"]
[WhiteElo "2333"]
[BlackElo "2324"]
[PlyCount "57"]
[EventDate "2015.05.01"]

1. d4 Nf6 2. c4 e6 3. Nf3 Bb4+ 4. Bd2 Bxd2+ 5. Qxd2 O-O 6. Nc3 d5 7. e3 Qe7 8.
Bd3 dxc4 9. Bxc4 Rd8 10. Qe2 c5 11. dxc5 Qxc5 12. O-O Nc6 13. Rfd1 Bd7 14. Rac1
Rac8 15. a3 a6 16. Bd3 Ne5 17. Ne1 Nxd3 18. Nxd3 Qa5 19. Rc2 h6 20. Rcd2 Bc6
21. Nb4 Be8 22. Rxd8 Rxd8 23. Rxd8 Qxd8 24. Qd3 Qxd3 25. Nxd3 Bc6 26. Nb4 Be8
27. Nd3 Bc6 28. Nb4 Be8 29. Nd3 1/2-1/2

[Event "Team senior chess final"]
[Site "?"]
[Date "2015.05.02"]
[Round "2.1"]
[White "Blechzin, Igor"]
[Black "Kachar, Vladimir"]
[Result "1/2-1/2"]
[WhiteElo "2354"]
[BlackElo "2231"]
[PlyCount "69"]
[EventDate "2015.05.01"]

1. c4 Nf6 2. Nc3 e5 3. Nf3 Nc6 4. a3 d5 5. cxd5 Nxd5 6. e3 Nxc3 7. bxc3 e4 8.
Nd4 Nxd4 9. cxd4 Bd6 10. d3 Qe7 11. dxe4 Qxe4 12. Qd3 Qe7 13. g3 O-O 14. Bg2 c5
15. dxc5 Bxc5 16. Bb2 Rd8 17. Qc2 Be6 18. O-O Rac8 19. Qe4 b6 20. a4 Qd7 21.
Qb1 Qd3 22. a5 Qxb1 23. Rfxb1 bxa5 24. Bc3 Bxe3 25. Bxa5 Bb6 26. Bxb6 axb6 27.
Rxb6 Rd2 28. Rab1 g5 29. Rb8 Rxb8 30. Rxb8+ Kg7 31. h3 Rd1+ 32. Kh2 Rd2 33. Kg1
Rd1+ 34. Kh2 Rd2 35. Kg1 1/2-1/2

[Event "Team senior chess final"]
[Site "?"]
[Date "2015.05.02"]
[Round "2.2"]
[White "Sabaev, Evgueni"]
[Black "Iliushkin, Evgeny"]
[Result "1/2-1/2"]
[WhiteElo "2127"]
[BlackElo "2200"]
[PlyCount "94"]
[EventDate "2015.05.01"]

1. Nf3 c5 2. c4 Nc6 3. Nc3 e5 4. g3 g6 5. Bg2 Bg7 6. O-O Nge7 7. d3 O-O 8. Ne1
d6 9. Nc2 Be6 10. Ne3 Qd7 11. Ned5 Bh3 12. Bg5 Bxg2 13. Kxg2 f6 14. Bd2 b6 15.
Rb1 Rae8 16. a3 Nxd5 17. cxd5 Ne7 18. e4 f5 19. f3 f4 20. Qa4 Qb7 21. b4 Rc8
22. bxc5 dxc5 23. Nb5 Ra8 24. Nd6 Qc7 25. Nc4 Nc8 26. Qb3 Nd6 27. a4 Rab8 28.
Bc3 Qe7 29. Qb2 Nxc4 30. dxc4 h5 31. a5 g5 32. gxf4 Rxf4 33. Bd2 Rf7 34. Qc1
Bf6 35. axb6 axb6 36. Qd1 Qd7 37. Qe2 Rg7 38. Kh1 Bd8 39. Rg1 Ra8 40. Ra1 Rxa1
41. Rxa1 Rf7 42. Rg1 Rg7 43. Bc3 Bc7 44. Rd1 Qe7 45. Rg1 Qf7 46. Bd2 Bd8 47.
Bc3 Bc7 1/2-1/2

[Event "Team senior chess final"]
[Site "?"]
[Date "2015.05.02"]
[Round "2.2"]
[White "Ostashevsky, Gennady"]
[Black "Safiullin, Rafael"]
[Result "0-1"]
[WhiteElo "2129"]
[BlackElo "2009"]
[PlyCount "82"]
[EventDate "2015.05.01"]

1. c4 e5 2. Nc3 Nc6 3. g3 f5 4. Bg2 Nf6 5. e3 g6 6. Nge2 Bg7 7. O-O O-O 8. d4
d6 9. a3 a5 10. b3 Kh8 11. Bb2 Bd7 12. Qd2 Nh5 13. f4 e4 14. g4 fxg4 15. Nxe4
Qh4 16. N2g3 Bf5 17. Nxh5 gxh5 18. Ng3 Bg6 19. f5 Be8 20. Rae1 Ne7 21. e4 Bd7
22. Rf2 Rf7 23. Ref1 Raf8 24. Qxa5 c5 25. dxc5 Bxb2 26. Rxb2 Qf6 27. Rd2 Nc6
28. Qc7 h4 29. Rxd6 Qe5 30. Rxd7 Qxc7 31. Rxc7 Rxc7 32. Nh5 Ne5 33. Nf4 Ra8 34.
Ne6 Rd7 35. a4 Rd3 36. Rb1 h3 37. Bh1 Rd2 38. Nc7 Rg8 39. Ne6 g3 40. hxg3 Rxg3+
41. Kf1 Nd3 0-1

[Event "Team senior chess final"]
[Site "?"]
[Date "2015.05.02"]
[Round "2.2"]
[White "Tukhvatullin, Gusman"]
[Black "Loginov, Alexander"]
[Result "0-1"]
[WhiteElo "2047"]
[BlackElo "2118"]
[PlyCount "62"]
[EventDate "2015.05.01"]

1. e4 e6 2. Qe2 c5 3. Nf3 Nc6 4. g3 Nge7 5. Bg2 Ng6 6. O-O Be7 7. c3 d5 8. d3
d4 9. c4 e5 10. Ne1 Bd6 11. f4 exf4 12. gxf4 Nh4 13. e5 Be7 14. Be4 h5 15. Kh1
Bg4 16. Qf2 Qd7 17. a3 Nf5 18. Nc2 h4 19. Bxf5 Qxf5 20. Ne1 h3 21. Nd2 Bh4 22.
Qg1 O-O-O 23. Ndf3 Bxe1 24. Nxe1 Be2 25. Rf2 Bxd3 26. Qg3 Be4+ 27. Kg1 Rh6 28.
Kf1 Rg6 29. Qb3 Na5 30. Qd1 Nxc4 31. Qe2 d3 0-1

[Event "Team senior chess final"]
[Site "?"]
[Date "2015.05.03"]
[Round "3.1"]
[White "Faibisovich, Vadim Z"]
[Black "Sidorov, Anatoly"]
[Result "1/2-1/2"]
[WhiteElo "2342"]
[BlackElo "2301"]
[PlyCount "107"]
[EventDate "2015.05.01"]

1. e4 c5 2. Nf3 Nc6 3. d4 cxd4 4. Nxd4 Qb6 5. Nb3 Nf6 6. Nc3 e6 7. Bd3 a6 8.
O-O Qc7 9. Qe2 Be7 10. Bd2 O-O 11. Rae1 d6 12. f4 Nd7 13. Rf3 Re8 14. e5 g6 15.
exd6 Bxd6 16. Ne4 Bb4 17. a3 Bxd2 18. Qxd2 Qb6+ 19. Qf2 Qxf2+ 20. Rxf2 Kg7 21.
Rd2 Re7 22. Nd6 f5 23. Bc4 Nb6 24. Nd4 Nxd4 25. Rxd4 Kf6 26. Bb3 Rb8 27. Kf2
Na8 28. Nxc8 Rxc8 29. Rd6 Rce8 30. Re5 Nc7 31. a4 h6 32. g3 g5 33. Kf3 h5 34.
Rb6 Na8 35. Rd6 Nc7 36. c4 g4+ 37. Ke3 h4 38. c5 hxg3 39. hxg3 Rh8 40. Kd2 Rh2+
41. Kc3 Rf2 42. Re3 Rf3 43. Rxf3 gxf3 44. Kd3 Rg7 45. Ke3 Rxg3 46. Rb6 Rg2 47.
Kxf3 Rxb2 48. Rxb7 a5 49. Rb6 Ke7 50. Ke3 Rb1 51. Rb7 Kd8 52. Rb8+ Ke7 53. Rb7
Kd8 54. Rb8+ 1/2-1/2

[Event "Team senior chess final"]
[Site "?"]
[Date "2015.05.03"]
[Round "3.1"]
[White "Iliushkin, Evgeny"]
[Black "Monin, Nikolay"]
[Result "1-0"]
[WhiteElo "2179"]
[BlackElo "2221"]
[PlyCount "97"]
[EventDate "2015.05.01"]

1. c4 g6 2. d4 Bg7 3. e4 d6 4. Be2 Nf6 5. Nc3 O-O 6. Bg5 c5 7. d5 e6 8. Nf3
exd5 9. cxd5 h6 10. Bf4 g5 11. Bc1 b5 12. Bxb5 Nxe4 13. Nxe4 Qa5+ 14. Nfd2 Qxb5
15. Nxd6 Qd3 16. N2c4 Qxd1+ 17. Kxd1 Ba6 18. Bd2 Nd7 19. h4 g4 20. Kc2 Rfd8 21.
Bc3 Bxc3 22. bxc3 Nb6 23. Nxb6 axb6 24. Nf5 h5 25. Rad1 Kh7 26. Ne3 Kg6 27. Rb1
Be2 28. Rxb6+ f6 29. Ra1 c4 30. a4 Ra5 31. g3 Bf3 32. Rb5 Ra6 33. a5 Rdd6 34.
Nxc4 Rxd5 35. Rxd5 Bxd5 36. Kd3 Kf7 37. Kd4 Bf3 38. Nb6 Ke6 39. Kc5 Ra7 40. c4
Rc7+ 41. Kb5 Bc6+ 42. Kb4 Rb7 43. Re1+ Kf7 44. Kc5 Be8 45. a6 Rc7+ 46. Kb4 Bc6
47. Ra1 Ra7 48. Kc5 Bf3 49. Nd5 1-0

[Event "Team senior chess final"]
[Site "?"]
[Date "2015.05.03"]
[Round "3.1"]
[White "Karasev, Vladimir I"]
[Black "Ostashevsky, Gennady"]
[Result "1-0"]
[WhiteElo "2328"]
[BlackElo "2118"]
[PlyCount "93"]
[EventDate "2015.05.01"]

1. e4 d6 2. d4 Nf6 3. Nc3 e5 4. dxe5 dxe5 5. Qxd8+ Kxd8 6. f4 Bb4 7. Bd3 Nbd7
8. Nf3 Re8 9. fxe5 Nxe5 10. Nxe5 Rxe5 11. Bf4 Rc5 12. Bd2 Rh5 13. O-O-O Bg4 14.
Rdf1 h6 15. h3 Be6 16. g4 Rc5 17. Bxh6 Bxc3 18. Bxg7 Nxe4 19. Bxc3 Nxc3 20.
bxc3 Rxc3 21. Bf5 Ke7 22. Bxe6 fxe6 23. h4 Rf8 24. Rxf8 Kxf8 25. g5 Rg3 26.
Rf1+ Ke7 27. Rf6 e5 28. Kd2 Rg4 29. Rh6 Kf7 30. Ke3 Kg7 31. Kf3 Rg1 32. Re6
Rf1+ 33. Kg4 Rf4+ 34. Kg3 Rc4 35. h5 Rxc2 36. h6+ Kh7 37. Re7+ Kg6 38. Rg7+ Kf5
39. h7 Rc3+ 40. Kf2 Rc2+ 41. Ke3 Rc3+ 42. Kd2 Rh3 43. g6 Rh2+ 44. Ke3 Rh3+ 45.
Kf2 e4 46. Rg8 e3+ 47. Ke2 1-0

[Event "Team senior chess final"]
[Site "?"]
[Date "2015.05.03"]
[Round "3.1"]
[White "Loginov, Alexander"]
[Black "Mishuchkov, Nikolai M"]
[Result "1/2-1/2"]
[WhiteElo "2118"]
[BlackElo "2321"]
[PlyCount "71"]
[EventDate "2015.05.01"]

1. e4 c5 2. Nf3 e6 3. c3 Ne7 4. d4 cxd4 5. cxd4 d5 6. e5 Nbc6 7. Na3 Nf5 8. Nc2
Qb6 9. Bd3 Bb4+ 10. Kf1 h5 11. a3 Be7 12. b4 Bd7 13. Kg1 Qd8 14. Bxf5 exf5 15.
h4 a5 16. b5 Na7 17. a4 Nc8 18. Bf4 Nb6 19. Ne3 Be6 20. Qd3 g6 21. g3 Rc8 22.
Kg2 O-O 23. Rhb1 Qd7 24. Nd1 Nc4 25. Ng5 b6 26. Rb3 Rc7 27. Nc3 Rfc8 28. Ne2
Kg7 29. Nf3 Rf8 30. Neg1 Rcc8 31. Nh3 Rfe8 32. Nhg5 Bf8 33. Re1 Be7 34. Nh3 Bf8
35. Nhg5 Be7 36. Nh3 1/2-1/2

[Event "Team senior chess final"]
[Site "?"]
[Date "2015.05.03"]
[Round "3.2"]
[White "Kaliberda, Vladimir"]
[Black "Balashov, Yuri S"]
[Result "0-1"]
[WhiteElo "2280"]
[BlackElo "2443"]
[PlyCount "68"]
[EventDate "2015.05.01"]

1. Nf3 d5 2. c4 d4 3. e3 Nc6 4. exd4 Nxd4 5. Nxd4 Qxd4 6. Nc3 c6 7. d3 e5 8.
Be3 Qd8 9. Qc2 Ne7 10. f4 exf4 11. Bxf4 Be6 12. O-O-O Ng6 13. Be3 Bb4 14. d4
Bxc3 15. bxc3 Qa5 16. Qb2 O-O 17. Rd2 Rfe8 18. Bf2 b5 19. d5 cxd5 20. cxd5 Bd7
21. Qb4 Qxb4 22. cxb4 a5 23. bxa5 Rxa5 24. Bd3 Ne5 25. Be2 Rea8 26. Kb1 Bf5+
27. Ka1 b4 28. Bb6 Ra4 29. Bc5 b3 30. a3 Rxa3+ 31. Bxa3 Rxa3+ 32. Kb2 Ra2+ 33.
Kc3 Rxd2 34. Kxd2 b2 0-1

[Event "Team senior chess final"]
[Site "?"]
[Date "2015.05.03"]
[Round "3.2"]
[White "Dragomarezkij, Evgeni"]
[Black "Fokin, Sergey"]
[Result "1-0"]
[WhiteElo "2393"]
[BlackElo "2163"]
[PlyCount "99"]
[EventDate "2015.05.01"]

1. Nf3 c5 2. c4 Nf6 3. Nc3 e6 4. g3 b6 5. Bg2 Bb7 6. O-O Be7 7. d4 cxd4 8. Qxd4
O-O 9. Rd1 Nc6 10. Qf4 Qb8 11. b3 Rd8 12. Qxb8 Raxb8 13. Bf4 d6 14. Ng5 a6 15.
Nge4 Ne8 16. g4 h6 17. h3 Ba8 18. Bg3 Ne5 19. Rac1 g6 20. c5 bxc5 21. Nxc5 Bxg2
22. Kxg2 Ra8 23. N3a4 Ra7 24. Ne4 f6 25. f4 Nd7 26. f5 Nf8 27. fxe6 Nxe6 28.
Rc6 f5 29. gxf5 gxf5 30. Nec3 Bf8 31. Nd5 Rg7 32. Kh2 Ra8 33. Nab6 Raa7 34. Nc4
Rg6 35. Nce3 Rf7 36. Nf4 Rxg3 37. Kxg3 Rg7+ 38. Kf3 Ng5+ 39. Kf2 Ne4+ 40. Kf1
Rg3 41. Nxf5 Rg5 42. Nd4 Ng3+ 43. Ke1 Ne4 44. Nf3 Ra5 45. a4 N8f6 46. Rc8 Kf7
47. Rc7+ Be7 48. e3 Ke8 49. Rdc1 Rf5 50. Ra7 1-0

[Event "Team senior chess final"]
[Site "?"]
[Date "2015.05.03"]
[Round "3.2"]
[White "Umushkin, Aleksey"]
[Black "Kremenietsky, Anatoly M"]
[Result "0-1"]
[WhiteElo "2118"]
[BlackElo "2316"]
[PlyCount "58"]
[EventDate "2015.05.01"]

1. e4 d6 2. d4 Nf6 3. Nc3 g6 4. g3 Bg7 5. Bg2 O-O 6. Nge2 e5 7. dxe5 dxe5 8.
O-O c6 9. Qxd8 Rxd8 10. Be3 Ng4 11. Bc5 Na6 12. Ba3 b5 13. h3 b4 14. Bxb4 Nxb4
15. hxg4 Bxg4 16. f3 Be6 17. Rac1 Rd2 18. Rfd1 Rxc2 19. a3 Rxc1 20. Nxc1 Nc2
21. Nd3 Nd4 22. Kf2 Nb3 23. Bf1 h5 24. Na4 Rb8 25. Be2 Bc4 26. Nc1 Bxe2 27.
Nxe2 Bf8 28. Nc1 Nc5 29. Nxc5 Bxc5+ 0-1

[Event "Team senior chess final"]
[Site "?"]
[Date "2015.05.03"]
[Round "3.2"]
[White "Kachar, Vladimir"]
[Black "Savchuk, Vladimir"]
[Result "0-1"]
[WhiteElo "2246"]
[BlackElo "2069"]
[PlyCount "120"]
[EventDate "2015.05.01"]

1. d4 Nf6 2. c4 c5 3. Nf3 cxd4 4. Nxd4 e5 5. Nc2 d5 6. cxd5 Qxd5 7. Qxd5 Nxd5
8. e4 Nb4 9. Nxb4 Bxb4+ 10. Nc3 Be6 11. Bb5+ Nc6 12. Be3 O-O 13. a3 Ba5 14. b4
Bb6 15. Bxc6 bxc6 16. O-O-O Bxe3+ 17. fxe3 a5 18. Kc2 axb4 19. axb4 Rfb8 20.
Ra1 Kf8 21. Ra5 Rxa5 22. bxa5 Bb3+ 23. Kb2 Bc4+ 24. Kc2 Ke7 25. Ra1 Ba6 26. Rd1
Rb4 27. Ra1 Kd6 28. Rd1+ Kc7 29. Ra1 f6 30. Rd1 Bc4 31. Ra1 Kb7 32. g3 Ka6 33.
Ra3 Bb5 34. Ra1 Kb7 35. Rd1 Kc7 36. Ra1 Ba6 37. Rd1 Rb8 38. Rd2 Bc4 39. Rg2 Ra8
40. g4 h6 41. h4 Rxa5 42. g5 hxg5 43. hxg5 Kd6 44. gxf6 gxf6 45. Rg7 Ra1 46.
Rb7 Rh1 47. Rb8 Rh2+ 48. Kd1 Rf2 49. Rb7 Bd3 50. Rb8 Kc7 51. Ra8 Kb7 52. Rd8
Bc4 53. Ke1 Rf3 54. Kd2 Kc7 55. Rf8 Kd6 56. Rb8 Rf2+ 57. Kd1 Be6 58. Kc1 Kc7
59. Rb4 Bg4 60. Rb3 Rh2 0-1

[Event "Team senior chess final"]
[Site "?"]
[Date "2015.05.04"]
[Round "4.1"]
[White "Sidorov, Anatoly"]
[Black "Kaliberda, Vladimir"]
[Result "1-0"]
[WhiteElo "2301"]
[BlackElo "2280"]
[PlyCount "69"]
[EventDate "2015.05.01"]

1. c4 e6 2. Nf3 Nf6 3. b3 d5 4. e3 c5 5. Bb2 Nc6 6. cxd5 exd5 7. d4 cxd4 8.
Nxd4 Bb4+ 9. Bc3 Qa5 10. Qd2 Bxc3 11. Nxc3 O-O 12. Be2 Be6 13. O-O Rac8 14.
Rfc1 Rfd8 15. f3 Nxd4 16. Qxd4 Rc6 17. b4 Qa3 18. Bb5 Rcc8 19. Rab1 a5 20. bxa5
Qxa5 21. a4 b6 22. Ne2 Bf5 23. Ra1 h6 24. Kf2 Bd7 25. Qb2 Rc5 26. Nd4 Rxc1 27.
Rxc1 Bxb5 28. axb5 Ra8 29. Rc6 Qa7 30. Nf5 Qb8 31. Rc8+ Qxc8 32. Ne7+ Kh8 33.
Nxc8 Rxc8 34. Qe5 Kg8 35. Qd6 1-0

[Event "Team senior chess final"]
[Site "?"]
[Date "2015.05.04"]
[Round "4.1"]
[White "Fokin, Sergey"]
[Black "Iliushkin, Evgeny"]
[Result "0-1"]
[WhiteElo "2163"]
[BlackElo "2179"]
[PlyCount "56"]
[EventDate "2015.05.01"]

1. d4 Nf6 2. c4 e6 3. Nf3 b6 4. a3 Bb7 5. Nc3 d5 6. cxd5 exd5 7. Bg5 Be7 8. e3
O-O 9. Be2 Nbd7 10. O-O Ne4 11. Bxe7 Qxe7 12. Rc1 c5 13. dxc5 Nxc3 14. Rxc3
bxc5 15. Qc2 Rac8 16. Rc1 a6 17. Bf1 Qf6 18. Qd1 h6 19. b4 c4 20. e4 Nb6 21.
exd5 Bxd5 22. Qd4 Qxd4 23. Nxd4 Rfd8 24. Nf5 Kf8 25. Ne3 Be6 26. f4 g6 27. Nxc4
Na4 28. R3c2 Bf5 0-1

[Event "Team senior chess final"]
[Site "?"]
[Date "2015.05.04"]
[Round "4.1"]
[White "Ostashevsky, Gennady"]
[Black "Umushkin, Aleksey"]
[Result "1-0"]
[WhiteElo "2118"]
[BlackElo "2118"]
[PlyCount "85"]
[EventDate "2015.05.01"]

1. Nf3 c5 2. d3 Nc6 3. g3 g6 4. Bg2 Bg7 5. O-O d6 6. e4 e6 7. c3 Nge7 8. Nh4
O-O 9. f4 Rb8 10. a4 a6 11. Nd2 Qc7 12. g4 f5 13. gxf5 exf5 14. Nc4 b5 15. axb5
axb5 16. Ne3 b4 17. Bd2 bxc3 18. bxc3 Kh8 19. Qc2 Be6 20. Nd5 Qd8 21. Nxe7 Qxe7
22. Be1 Bb3 23. Qc1 Bf6 24. Nf3 fxe4 25. dxe4 Qxe4 26. Ne5 Qf5 27. Nxc6 Rbe8
28. Na5 Bd5 29. Qd2 Bxg2 30. Qxg2 Qd3 31. Rf3 Re3 32. Rxe3 Qxe3+ 33. Qf2 Qe4
34. Bd2 g5 35. Re1 Qf5 36. Nc4 gxf4 37. Qf3 Bg7 38. Kf1 d5 39. Nd6 Qg6 40. Qxd5
f3 41. Bg5 h6 42. Re6 Qh5 43. Rxh6+ 1-0

[Event "Team senior chess final"]
[Site "?"]
[Date "2015.05.04"]
[Round "4.1"]
[White "Savchuk, Vladimir"]
[Black "Loginov, Alexander"]
[Result "1-0"]
[WhiteElo "2069"]
[BlackElo "2118"]
[PlyCount "93"]
[EventDate "2015.05.01"]

1. d4 e6 2. Bf4 d5 3. Nf3 c5 4. e3 Qb6 5. Nc3 Bd7 6. Rb1 Nf6 7. Be2 Be7 8. O-O
O-O 9. h3 Rc8 10. Re1 cxd4 11. exd4 Bb4 12. Ne5 Be8 13. Bd3 Nc6 14. a3 Be7 15.
Ne2 Nxe5 16. Bxe5 Bb5 17. Nf4 Bxd3 18. Nxd3 Nd7 19. c3 Bd6 20. Bxd6 Qxd6 21.
Re3 Nf8 22. Qh5 Ng6 23. Qg4 Rf8 24. f4 Ne7 25. Rbe1 Nf5 26. R3e2 Qd8 27. Qf3
Qh4 28. Kh2 Rac8 29. g3 Qf6 30. Nc5 Rc7 31. Nd3 b6 32. Nf2 g6 33. g4 Nd6 34. g5
Qg7 35. Ng4 Ne8 36. h4 h5 37. Nh6+ Kh7 38. f5 gxf5 39. Nxf5 Qg6 40. Ng3 Ng7 41.
Rf1 Rh8 42. Qf4 Rd7 43. Qe5 Ne8 44. Ref2 Kg8 45. Nf5 Rh7 46. Qb8 Kf8 47. Re2
1-0